000 00857nab a2200253 u 4500
001 19700
003 HDC
007 cr bn ---aaaaa
008 210302c |r|noo 0 a d
040 _aHDC
100 _aApisitniran, Lamonphet,
_eauthor
_918042
245 0 _aHALAL FOOD ESTATE MOVED FOR BETTER SECURITY /
_cby Lamonphet Apisitniran
260 _a[No place] :
_b[publisher not identified],
_c2016
336 _atext
_2rdacontent
337 _acomputer
_2rdamedia
338 _aonline resource
_2rdacarrier
650 _aHalal food industry
_9128
650 _aHalal food
_950
710 _aBANGKOK POST
856 _zRequest full-text at [email protected]
942 _2lcc
942 _cNEWS
942 _kNWSO 009831
999 _c17016
_d17016